000 00559nam a2200193Ia 4500
999 _c32232
_d32232
005 20240530102433.0
008 140319s9999 xx 000 0 ara d
017 _bمصر. دار الكتب
040 _aGCL /
_cGCL
082 0 4 _a301.1553
_bا ب
_221
245 1 0 _aالبطولة والابطال
_cاحمد محمد الحوفى
260 _aالقاهرة :
_c1967
300 _a274 ص
490 _aالتعريف بالاسلام
_v0
650 _2qrmak
651 _2qrmak
942 _2ddc
_cBK